000 00409nam a22001457a 4500
005 20250225095518.0
008 250225b |||||||| |||| 00| 0 eng d
020 _a8180610578
050 _aRM216
_b.F95
245 _aBasics of Clinical Nutrition/
_ceditor; YK Joshi
260 _aNew Delhi
_bJaypee Brother Medical Publishers
_c2005
300 _axii. 314p.
_c23.5cm
700 _aJoshi, YK
942 _2lcc
_cBK
_n0
999 _c4291
_d4291